00445 2200169 4500001002100000008004100021035002000062245007000082100002500152250000600177260003200183300001200215084001400227082000800241650001400249990001200263INLIS000000000001277 ind  a0010-0524000512 aHukum Acara Perdata IndonesiacProf. Dr. Sudikno Mertokusumo, SH. aMertokusumo, Sudikno a1 aYogyakarta :bLibertyc1988 a253 hlm a340 SUD h a340 aNon Fiksi a0744149